Jugando con matemática 1 : primer grado /
Guardado en:
| Autor Principal: | |
|---|---|
| Otros Autores: | , |
| Formato: | Libro |
| Publicado: |
Buenos Aires :
Ángel Estrada
|
| Materias: | |
| Etiquetas: |
Agregar Etiqueta
Sin Etiquetas, Sea el primero en etiquetar este registro!
|
| LEADER | 00952nam a22002655a 4500 | ||
|---|---|---|---|
| 001 | CEM.cems012555 | ||
| 005 | 20070823191403.0 | ||
| 008 | 130507b######################000#0#####d | ||
| 003 | CEMS | ||
| 020 | |a 9500102323 | ||
| 082 | 0 | 4 | |a SG372.7 |
| 100 | 1 | |a Vázquez de Tapia, Nelly | |
| 245 | 1 | 0 | |a Jugando con matemática 1 : |b primer grado / |c Nelly Vázquez de Tapia, Alicia Tapia de Bibiloni, Carlos Alberto Tapia. |
| 260 | |a Buenos Aires : |b Ángel Estrada | ||
| 300 | |a 131 p. | ||
| 500 | |a Libro de matemática para 1º grado. Incluye guía para el maestro. | ||
| 653 | |a Biblioteca maría de los Ángeles saggio | ||
| 653 | |a Educación | ||
| 653 | |a Educación primaria | ||
| 653 | |a Matemática | ||
| 653 | |a Matemática-1º egb. | ||
| 700 | 1 | |a Tapia de Bibiloni, Alicia | |
| 700 | 1 | |a Tapia, Carlos Alberto. | |
| 859 | |a CEMS |b BIB. CEMS - 11 de abril |h SG372.7 |i T162 |p 23735.07 |t Ej.1 | ||
| 859 | |a CEMS |b BIB. CEMS - 11 de abril |h SG372.7 |i T162 |p 23865.07 |t Ej.2 | ||
